00429nam a2200133Ia 4500008004100000100001900041245006300060260000900123300003200132440002400164650001600188999001900204952007200223180117s9999 xx 000 0 und d aby Joce Aguila 4aThe Love Affair Between Pinoys and Miss Universe Continues c2017 a6-11 pages, 2017 January 29 aPhilippine Panorama aLOVE AFFAIR c353451d353451 001040aCLbCLd2018-01-17l0r2018-01-17 00:00:00w2018-01-17ySE